[Event "OBBEM Oberbayern 2014"]
[Site "Rosenheim"]
[Date "2014.05.30"]
[Round "3.7"]
[White "Muharemagic, Asim"]
[Black "Lochte, Thomas"]
[Result "0-1"]
[WhiteElo "1962"]
[BlackElo "2107"]
[Annotator "Frese, Daniel"]
[PlyCount "72"]
[SourceDate "2014.07.22"]

1. Nf3 Nf6 2. g3 c5 3. Bg2 Nc6 4. O-O d5 5. d4 cxd4 6. Nxd4 e5 7. Nxc6 bxc6 8.
c4 e4 9. Nc3 Be7 10. Qa4 Bd7 11. Rd1 O-O 12. Qa6 Qb6 13. Qxb6 axb6 14. cxd5
cxd5 15. Nxd5 Nxd5 16. Rxd5 Be6 17. Rd1 f5 18. Be3 Bf6 19. Rd6 Bxa2 20. Rxb6
Bc4 21. Rxa8 Rxa8 22. f3 f4 23. Rc6 fxe3 24. Rxc4 Ra1+ 25. Bf1 exf3 26. Rc2 Bd4
27. b3 Rd1 28. h4 Rd2 29. Rc4 Rd1 30. Rc2 Kf7 31. b4 Ke6 32. Ra2 Kd5 33. Rc2 h5
34. b5 Ra1 35. b6 Bxb6 36. Rb2 Bd4 0-1

[Event "OBBEM Oberbayern 2014"]
[Site "Rosenheim"]
[Date "2014.05.30"]
[Round "3.8"]
[White "Knoblauch, Leonhard"]
[Black "Bergerhoff, Andreas"]
[Result "1-0"]
[WhiteElo "2018"]
[BlackElo "1947"]
[Annotator "Frese, Daniel"]
[PlyCount "69"]
[SourceDate "2014.07.22"]

1. d4 f5 2. Bg5 c6 3. Nc3 d5 4. f3 h6 5. Bh4 g5 6. Bf2 Nf6 7. e4 Bg7 8. e5 Nh7
9. Qd2 Be6 10. h4 Bf7 11. Bd3 e6 12. g4 fxg4 13. fxg4 gxh4 14. Bxh4 Qb6 15. Nf3
Nd7 16. O-O-O Nhf8 17. Kb1 Ng6 18. g5 h5 19. Ne2 c5 20. c3 c4 21. Bc2 a5 22.
Nf4 Ndf8 23. Bg3 Nxf4 24. Bxf4 Ng6 25. Nh4 Nxh4 26. Rxh4 O-O-O 27. Rdh1 Rdg8
28. g6 Be8 29. Rxh5 Rxh5 30. Rxh5 Bf8 31. Kc1 Bxg6 32. Bxg6 Rxg6 33. Rh8 Qd8
34. Qf2 Kd7 35. Be3 1-0

[Event "OBBEM Oberbayern 2014"]
[Site "Rosenheim"]
[Date "2014.05.30"]
[Round "3.9"]
[White "Deues, Erik"]
[Black "Sandner, Michael"]
[Result "1-0"]
[WhiteElo "1964"]
[BlackElo "1889"]
[Annotator "Frese, Daniel"]
[PlyCount "117"]
[SourceDate "2014.07.22"]

1. c4 Nf6 2. Nc3 c5 3. g3 d5 4. cxd5 Nxd5 5. Bg2 Nc7 6. Nf3 Nc6 7. d3 e5 8. O-O
f6 9. Be3 Be6 10. Rc1 Qd7 11. a3 Rc8 12. Qa4 Be7 13. Nd2 Nd5 14. Nxd5 Bxd5 15.
Bxc5 Bxg2 16. Kxg2 Qd5+ 17. Qe4 Qxe4+ 18. Nxe4 Bxc5 19. Rxc5 b6 20. Rc4 Kd7 21.
Rfc1 Nd4 22. e3 Ne6 23. Kf1 Rxc4 24. dxc4 Rc8 25. b4 f5 26. Rd1+ Ke7 27. Nd6
Rc6 28. Nxf5+ Kf6 29. Nd6 Ke7 30. Nb5 a6 31. Nc3 Nc7 32. Rc1 Ke6 33. Ne4 Kf5
34. f3 Nb5 35. a4 Nd6 36. Nxd6+ Rxd6 37. c5 bxc5 38. bxc5 Rc6 39. e4+ Ke6 40.
Ke2 Kd7 41. Kd3 Rf6 42. Ke3 Kc6 43. f4 exf4+ 44. gxf4 Rh6 45. e5 Rxh2 46. e6
Rh6 47. f5 Rh3+ 48. Kf4 Rb3 49. Rd1 Rb7 50. Ke5 h5 51. f6 gxf6+ 52. Kxf6 Rb2
53. Re1 Rf2+ 54. Ke5 Rf8 55. e7 Ra8 56. Kf6 Kxc5 57. e8=Q Rxe8 58. Rxe8 Kb4 59.
Re4+ 1-0

[Event "OBBEM Oberbayern 2014"]
[Site "Rosenheim"]
[Date "2014.05.30"]
[Round "3.10"]
[White "Walter, Stefan"]
[Black "Probst, Albert"]
[Result "1-0"]
[WhiteElo "1913"]
[BlackElo "1928"]
[Annotator "Frese, Daniel"]
[PlyCount "75"]
[SourceDate "2014.07.22"]

1. e4 g6 2. f4 d6 3. Nf3 Bg7 4. d3 Bg4 5. h3 Bxf3 6. Qxf3 Nc6 7. c3 e6 8. Be3
Nge7 9. Nd2 d5 10. d4 O-O 11. e5 a6 12. g4 h6 13. Bd3 b5 14. h4 Qd7 15. h5 f6
16. exf6 Rxf6 17. Qh3 e5 18. fxe5 Nxe5 19. dxe5 Re6 20. g5 gxh5 21. gxh6 Bxe5
22. h7+ Kh8 23. O-O-O d4 24. Bxd4 Bxd4 25. cxd4 Rd8 26. Bc2 Qc6 27. Nb3 Re2 28.
Qc3 Qh6+ 29. Kb1 Nd5 30. Qd3 Rg2 31. Rd2 Nb4 32. Rxg2 Nxd3 33. Bxd3 Qe3 34. Bc2
Qe6 35. Rhg1 h4 36. Rg8+ Rxg8 37. Rxg8+ Qxg8 38. hxg8=Q+ 1-0

[Event "OBBEM Oberbayern 2014"]
[Site "Rosenheim"]
[Date "2014.05.30"]
[Round "4.1"]
[White "Zill, Christoph"]
[Black "Grawe, Christian"]
[Result "0-1"]
[WhiteElo "2176"]
[BlackElo "2246"]
[Annotator "Frese, Daniel"]
[PlyCount "76"]
[SourceDate "2014.07.22"]

1. e4 c5 2. Nf3 Nc6 3. Nc3 Nf6 4. Bb5 Qc7 5. O-O Nd4 6. Re1 a6 7. Bf1 Ng4 8. g3
Nxf3+ 9. Qxf3 Ne5 10. Qe2 e6 11. d3 Be7 12. Bg2 O-O 13. Bf4 d6 14. a4 b6 15.
Qd2 Bb7 16. h3 {=} Bc6 17. Be3 b5 18. f4 Nd7 19. d4 b4 20. Ne2 Nf6 21. d5 exd5
22. exd5 Bb7 23. a5 Rab8 24. c3 Bc8 25. g4 g6 26. Ng3 Ne8 27. f5 Bh4 28. Bf2
Qd8 29. Kh2 Rb5 30. c4 Rxa5 31. Rxa5 Qxa5 32. Qh6 Qd8 33. Nh5 Bg5 34. Bh4 Bxh6
35. Bxd8 gxh5 36. g5 Bg7 37. f6 Nxf6 38. Bxf6 h4 0-1

[Event "OBBEM Oberbayern 2014"]
[Site "Rosenheim"]
[Date "2014.05.30"]
[Round "4.2"]
[White "Taggatz, Mario"]
[Black "Schlichtmann, Robin"]
[Result "1-0"]
[WhiteElo "2199"]
[BlackElo "2140"]
[Annotator "Frese, Daniel"]
[PlyCount "67"]
[SourceDate "2014.07.22"]

1. Nf3 g6 2. d4 c5 3. e4 cxd4 4. Nxd4 Nc6 5. c4 Bg7 6. Be3 Nf6 7. Nc3 Ng4 8.
Qxg4 Nxd4 9. Qd1 Ne6 10. Rc1 d6 11. Be2 Bd7 12. Qd2 Bc6 13. O-O O-O 14. f3 a5
15. b3 Nc5 16. Rc2 f5 17. exf5 gxf5 18. f4 Qd7 19. Bf3 Bxf3 20. Rxf3 Bxc3 21.
Qxc3 Ne4 22. Qd4 Qc6 23. c5 b6 24. cxd6 Qxc2 25. dxe7 Rfc8 26. Qd5+ Kg7 27.
Rg3+ Nxg3 28. Bd4+ Kg6 29. Qe6+ Kh5 30. Qf7+ Kg4 31. Qg7+ Kxf4 32. Qxg3+ Ke4
33. Qe5+ Kd3 34. Qe3# 1-0

[Event "OBBEM Oberbayern 2014"]
[Site "Rosenheim"]
[Date "2014.05.30"]
[Round "4.3"]
[White "Straub, Jürgen, Dr."]
[Black "Knoblauch, Leonhard"]
[Result "0-1"]
[WhiteElo "2169"]
[BlackElo "2018"]
[Annotator "Frese, Daniel"]
[PlyCount "80"]
[SourceDate "2014.07.22"]

1. c4 Nf6 2. Nc3 e5 3. g3 g6 4. Bg2 Bg7 5. e4 O-O 6. Nge2 Nc6 7. O-O d6 8. d3
Be6 9. h3 Ne7 10. f4 c6 11. g4 exf4 12. Nxf4 h6 13. Be3 d5 14. cxd5 cxd5 15.
Nxe6 fxe6 16. e5 Nd7 17. Rxf8+ Nxf8 18. d4 a6 19. Qd2 Nc6 20. Na4 Qe7 21. Rc1
Rc8 22. Nc5 Rc7 23. Bf1 h5 24. g5 Qf7 25. Nd3 Qf3 26. Bg2 Qf7 27. Nf4 Qd7 28.
Qc2 Qf7 29. Bf1 Rd7 30. a3 Nxd4 31. Qf2 Bxe5 32. Rc8 Bxf4 33. Bxf4 e5 34. Bg3
Qxf2+ 35. Kxf2 Rf7+ 36. Kg2 Nf5 37. Bf2 Kg7 38. Bd3 e4 39. Bb1 Ne6 40. Be1 Nxg5
0-1

[Event "OBBEM Oberbayern 2014"]
[Site "Rosenheim"]
[Date "2014.05.30"]
[Round "4.4"]
[White "Lochte, Thomas"]
[Black "Schulz, Michael"]
[Result "0-1"]
[WhiteElo "2107"]
[BlackElo "2123"]
[Annotator "Frese, Daniel"]
[PlyCount "90"]
[SourceDate "2014.07.22"]

1. e4 e6 2. d4 d5 3. Nd2 Nf6 4. e5 Nfd7 5. Bd3 c5 6. c3 Nc6 7. Ne2 Qb6 8. O-O
g6 9. Nf3 Bg7 10. dxc5 Qc7 11. Ned4 a6 12. Bf4 Ncxe5 13. Re1 Nxf3+ 14. Qxf3 e5
15. Qxd5 O-O 16. c6 bxc6 17. Nxc6 Bb7 18. Be4 Nb6 19. Qc5 Bxc6 20. Be3 Rfc8 21.
Bxc6 Qxc6 22. Qxb6 Qxb6 23. Bxb6 Rab8 24. Ba5 {=} Rxb2 25. a4 f5 26. Kf1 e4 27.
Reb1 Rcb8 28. Rxb2 Rxb2 29. Rd1 Bf8 30. Rd8 Kf7 31. Rd7+ Ke6 32. Ra7 Rxf2+ 33.
Ke1 Rxg2 34. Rxa6+ Kd5 35. Bc7 Bc5 36. a5 g5 37. Rf6 f4 38. Bb6 Bxb6 39. axb6
Rb2 40. h4 gxh4 41. Rf5+ Kc4 42. Rxf4 Kd3 43. Rxh4 Rb1+ 44. Kf2 e3+ 45. Kf3 e2
0-1

[Event "OBBEM Oberbayern 2014"]
[Site "Rosenheim"]
[Date "2014.05.30"]
[Round "4.5"]
[White "Lechermann, Markus"]
[Black "Steinheimer, Jürgen"]
[Result "1/2-1/2"]
[WhiteElo "2045"]
[BlackElo "2103"]
[Annotator "Frese, Daniel"]
[PlyCount "68"]
[SourceDate "2014.07.22"]

1. d4 Nf6 2. Nf3 c5 3. e3 b6 4. Bd3 Bb7 5. O-O g6 6. b3 Bg7 7. Bb2 O-O 8. Nbd2
cxd4 9. exd4 Nc6 10. a3 d5 11. Re1 Rc8 12. Ne5 Nxe5 13. dxe5 Nd7 14. b4 Nb8 15.
Nb3 Ba6 16. b5 Bb7 17. Bd4 Qc7 18. a4 Nd7 19. e6 Nc5 20. Bxg7 Kxg7 21. Nxc5
Qxc5 22. exf7 Rxf7 23. Qe2 Rcf8 24. Qe3 Qxe3 25. Rxe3 Rxf2 26. Rxe7+ R2f7 27.
Rxf7+ Rxf7 28. a5 {=} Kf8 29. axb6 axb6 30. Re1 Re7 31. Rf1+ Kg7 32. h4 Bc8 33.
Ra1 Rf7 34. Ra8 Bb7 1/2-1/2

[Event "OBBEM Oberbayern 2014"]
[Site "Rosenheim"]
[Date "2014.05.30"]
[Round "4.6"]
[White "Preßler, Paul"]
[Black "Prediger, Rupert"]
[Result "0-1"]
[WhiteElo "1782"]
[BlackElo "2162"]
[Annotator "Frese, Daniel"]
[PlyCount "110"]
[SourceDate "2014.07.22"]

1. Nf3 c5 2. b3 b6 3. Bb2 Bb7 4. g3 d6 5. Bg2 Nd7 6. O-O Ngf6 7. c4 g6 8. e3
Bg7 9. d4 O-O 10. Nc3 Ne4 11. Nxe4 Bxe4 12. Ne1 Bxg2 13. Nxg2 Qb8 14. Qd2 cxd4
15. Bxd4 Ne5 16. f4 Nc6 17. Bxg7 Kxg7 18. Qd5 Qc7 19. Rad1 Rad8 20. Nh4 e6 21.
Qg5 f5 22. g4 Qe7 23. Qxe7+ Nxe7 24. gxf5 Nxf5 25. Nxf5+ gxf5 26. Rd2 Kf6 27.
Kf2 Rg8 28. Kf3 Rg6 29. Rfd1 Ke7 30. Ke2 Rg2+ 31. Kd3 Rdg8 32. Kc3 Rxd2 33.
Rxd2 h5 34. h4 Rg4 35. Rh2 e5 36. Rf2 Ke6 37. fxe5 dxe5 38. Rh2 Rg3 39. Kd2 Rg4
40. Kc3 e4 41. b4 Ke5 42. c5 bxc5 43. bxc5 Rg3 44. Re2 f4 45. c6 f3 46. Rc2 Rg7
47. Kb4 Kd6 48. Kc4 Rg2 49. Rc1 Rd2 50. Kb5 Rd5+ 51. Kb4 a5+ 52. Kb3 Kc7 53.
Ka4 Rd3 54. Kxa5 Rxe3 55. Kb5 f2 0-1

[Event "OBBEM Oberbayern 2014"]
[Site "Rosenheim"]
[Date "2014.05.30"]
[Round "4.7"]
[White "Frese, Daniel"]
[Black "Walter, Stefan"]
[Result "1-0"]
[WhiteElo "2019"]
[BlackElo "1913"]
[Annotator "Frese, Daniel"]
[PlyCount "53"]
[SourceDate "2014.07.22"]

1. e4 e5 2. Nf3 d6 3. d4 Nd7 4. Bc4 c6 5. a4 Be7 6. Nc3 Ngf6 7. dxe5 dxe5 8.
O-O O-O 9. h3 Qc7 10. a5 Nc5 11. Qe2 Be6 12. b4 Bxc4 13. Qxc4 Ne6 14. Be3 b5
15. axb6 axb6 16. b5 Nc5 17. Nd2 Rxa1 18. Rxa1 cxb5 19. Nxb5 Qc6 20. Ra7 Bd8
21. Nc3 Nfd7 22. Nb3 Qd6 23. Qb5 h6 24. Nd5 f5 25. Nxc5 Nxc5 26. Bxc5 Qxc5 27.
Qd7 1-0

[Event "OBBEM Oberbayern 2014"]
[Site "Rosenheim"]
[Date "2014.05.30"]
[Round "4.8"]
[White "Kretschel, Klaus"]
[Black "Deues, Erik"]
[Result "1/2-1/2"]
[WhiteElo "2012"]
[BlackElo "1964"]
[Annotator "Frese, Daniel"]
[PlyCount "34"]
[SourceDate "2014.07.22"]

1. e4 c5 2. Nf3 Nc6 3. d4 cxd4 4. Nxd4 Nf6 5. Nc3 e5 6. Ndb5 d6 7. Nd5 Nxd5 8.
exd5 Ne7 9. c4 Nf5 10. g3 Be7 11. Bg2 O-O 12. O-O Bd7 13. Na3 Qc8 14. Qd3 Nd4
15. Be3 Nf5 16. Bd2 Nd4 17. Be3 Nf5 1/2-1/2

[Event "OBBEM Oberbayern 2014"]
[Site "Rosenheim"]
[Date "2014.05.30"]
[Round "4.9"]
[White "Schewzow, Juri"]
[Black "Muharemagic, Asim"]
[Result "0-1"]
[WhiteElo "1797"]
[BlackElo "1962"]
[Annotator "Frese, Daniel"]
[PlyCount "62"]
[SourceDate "2014.07.22"]

1. d4 Nf6 2. Nf3 c5 3. e3 e6 4. c4 b6 5. g3 Bb7 6. Bg2 Qc7 7. b3 cxd4 8. exd4
d5 9. Bf4 Bd6 10. Bxd6 Qxd6 11. O-O dxc4 12. bxc4 O-O 13. Nc3 Na6 14. Qa4 Rfd8
15. Rfd1 Rac8 16. Nb5 Qb4 17. Qxb4 Nxb4 18. a3 Nc2 19. Nxa7 Rxc4 20. Rab1 Bxf3
21. Bxf3 Rcxd4 22. Rdc1 Rd2 23. Nc6 R8d3 24. Rxb6 g5 25. Ne5 Rc3 26. Bd1 Ne3
27. Rc6 Rxc1 28. Rxc1 Rxd1+ 29. Rxd1 Nxd1 30. a4 Nc3 31. a5 Nfd5 0-1

[Event "OBBEM Oberbayern 2014"]
[Site "Rosenheim"]
[Date "2014.05.30"]
[Round "4.10"]
[White "Bergerhoff, Andreas"]
[Black "Sandner, Michael"]
[Result "1/2-1/2"]
[WhiteElo "1947"]
[BlackElo "1889"]
[Annotator "Frese, Daniel"]
[PlyCount "101"]
[SourceDate "2014.07.22"]

1. e4 e6 2. c4 d5 3. cxd5 exd5 4. exd5 Nf6 5. Nc3 Bd6 6. Bb5+ Nbd7 7. Qe2+ Qe7
8. d4 Qxe2+ 9. Ngxe2 O-O 10. O-O Nb6 11. Bf4 Rd8 12. Rfe1 Bf5 13. Bxd6 Rxd6 14.
Ng3 Bg6 15. Re5 a6 16. Bf1 Rad8 17. f4 h6 18. f5 Bh7 19. Rae1 Kf8 20. b3 Nbxd5
21. Nce4 Rc6 22. Bc4 b5 23. Bxd5 Nxd5 24. Nc5 Nf6 25. Nce4 Nxe4 26. Nxe4 f6 27.
Rc5 Rxc5 28. Nxc5 Bxf5 29. Nxa6 c6 30. Nb4 Rxd4 31. Nxc6 Rd2 32. Nb4 Bc8 33.
Kf1 Bb7 34. Re2 Rxe2 35. Kxe2 Bxg2 36. Nc2 Bc6 37. Ke3 Ke7 38. Kd4 Kd6 39. Ne3
Bd7 40. a4 bxa4 41. bxa4 f5 42. a5 f4 43. Nc4+ Kc7 44. Ke4 g5 45. h4 Kb7 46.
hxg5 hxg5 47. Ne5 Bh3 48. Kf3 Be6 49. Ke4 Bh3 50. Nf3 Bg2 51. Kf5 1/2-1/2

[Event "OBBEM Oberbayern 2014"]
[Site "Rosenheim"]
[Date "2014.05.31"]
[Round "5.1"]
[White "Grawe, Christian"]
[Black "Knoblauch, Leonhard"]
[Result "1-0"]
[WhiteElo "2246"]
[BlackElo "2018"]
[Annotator "Frese, Daniel"]
[PlyCount "57"]
[SourceDate "2014.07.22"]

1. e4 c5 2. Nf3 Nc6 3. c3 Nf6 4. e5 Nd5 5. Bc4 Nb6 6. Bb3 c4 7. Bc2 Qc7 8. Qe2
g6 9. O-O Bg7 10. Re1 O-O 11. Na3 Nd8 12. b3 cxb3 13. axb3 a6 14. Bb2 d6 15.
exd6 Qxd6 16. d4 Nc6 17. h3 Bf5 18. c4 Bxc2 19. Nxc2 Qc7 20. Ba3 Rfe8 21. Rad1
e5 22. d5 Na5 23. c5 Nd7 24. b4 Nb3 25. Qc4 Nd4 26. Ncxd4 exd4 27. d6 Rxe1+ 28.
Rxe1 Qd8 29. Re7 1-0

[Event "OBBEM Oberbayern 2014"]
[Site "Rosenheim"]
[Date "2014.05.31"]
[Round "5.2"]
[White "Schulz, Michael"]
[Black "Taggatz, Mario"]
[Result "1/2-1/2"]
[WhiteElo "2123"]
[BlackElo "2199"]
[Annotator "Frese, Daniel"]
[PlyCount "49"]
[SourceDate "2014.07.22"]

1. d4 e6 2. Nf3 f5 3. g3 Nf6 4. Bg2 Be7 5. O-O O-O 6. c4 d6 7. Nc3 Ne4 8. Qc2
Nxc3 9. bxc3 Nc6 10. Re1 e5 11. e4 Kh8 12. dxe5 dxe5 13. Rb1 fxe4 14. Nd2 Rxf2
15. Kxf2 Bc5+ 16. Ke2 Bg4+ 17. Nf3 exf3+ 18. Bxf3 Qd7 19. Be3 Bxe3 20. Bxg4
Qxg4+ 21. Kxe3 Rf8 22. Rf1 Qg5+ 23. Ke2 Qg4+ 24. Ke3 Qg5+ 25. Ke2 1/2-1/2

[Event "OBBEM Oberbayern 2014"]
[Site "Rosenheim"]
[Date "2014.05.31"]
[Round "5.3"]
[White "Steinheimer, Jürgen"]
[Black "Zill, Christoph"]
[Result "0-1"]
[WhiteElo "2103"]
[BlackElo "2176"]
[Annotator "Frese, Daniel"]
[PlyCount "48"]
[SourceDate "2014.07.22"]

1. e4 e6 2. d4 d5 3. Nd2 Be7 4. c3 Nf6 5. e5 Nfd7 6. Bd3 c5 7. Ne2 cxd4 8. cxd4
f6 9. Nf4 Nf8 10. Qh5+ Kd7 11. exf6 gxf6 12. O-O Nc6 13. Nf3 Kc7 14. Qf7 Bd7
15. Re1 Qe8 16. Qg7 Ng6 17. Nxe6+ Bxe6 18. Rxe6 Qd7 19. Re1 Rag8 20. Qf7 Nd8
21. Bf4+ Nxf4 22. Rac1+ Kd6 23. Rxe7 Nxf7 24. Rxd7+ Kxd7 0-1

[Event "OBBEM Oberbayern 2014"]
[Site "Rosenheim"]
[Date "2014.05.31"]
[Round "5.4"]
[White "Schlichtmann, Robin"]
[Black "Frese, Daniel"]
[Result "1-0"]
[WhiteElo "2140"]
[BlackElo "2019"]
[Annotator "Frese, Daniel"]
[PlyCount "59"]
[SourceDate "2014.07.22"]

1. e4 e6 2. d4 d5 3. Nd2 Nf6 4. e5 Nfd7 5. Bd3 c5 6. c3 Nc6 7. Ne2 cxd4 8. cxd4
f6 9. exf6 Nxf6 10. O-O Bd6 11. Nf3 Qc7 12. Bg5 O-O 13. Bh4 Nh5 14. Qc2 h6 15.
Bh7+ Kh8 16. Bg6 Rxf3 17. Bxh5 Rf5 18. Bg6 Bxh2+ 19. Kh1 Bd6 20. Bxf5 exf5 21.
Rae1 Kg8 22. Qb3 Qf7 23. Bg3 f4 24. Nxf4 Bxf4 25. Bxf4 Qxf4 26. Qxd5+ Kh7 27.
Re8 Ne7 28. Qe5 Ng6 29. Qxf4 Nxf4 30. Rc1 1-0

[Event "OBBEM Oberbayern 2014"]
[Site "Rosenheim"]
[Date "2014.05.31"]
[Round "5.5"]
[White "Prediger, Rupert"]
[Black "Straub, Jürgen, Dr."]
[Result "0-1"]
[WhiteElo "2162"]
[BlackElo "2169"]
[Annotator "Frese, Daniel"]
[PlyCount "138"]
[SourceDate "2014.07.22"]

1. e4 c5 2. Nf3 e6 3. d4 cxd4 4. Nxd4 Nc6 5. Nc3 Qc7 6. f4 a6 7. Nxc6 bxc6 8.
Bd3 Be7 9. O-O Nf6 10. Qf3 O-O 11. Be3 d5 12. e5 Nd7 13. Na4 c5 14. c4 d4 15.
Bd2 Bb7 16. Qh3 g6 17. b3 f5 18. exf6 Rxf6 19. Rae1 Qd6 20. Rf2 Re8 21. Rfe2
Bd8 22. Nb2 Bc7 23. Be4 Bxe4 24. Rxe4 Rf5 25. Nd3 Qc6 26. g4 Rf7 27. Qg2 Nf6
28. R4e2 Qxg2+ 29. Rxg2 Nd7 30. Rge2 Rf6 31. Kg2 Kf7 32. Ne5+ Ke7 33. g5 Rff8
34. Nd3 Kf7 35. h4 a5 36. Kh3 Rh8 37. Nf2 Re7 38. Ng4 Rhe8 39. Re4 Nf8 40. Nf6
Ra8 41. h5 Bd6 42. R4e2 Rb7 43. hxg6+ hxg6 44. Ne4 Be7 45. Rb1 a4 46. Bc1 axb3
47. Rxb3 Rxb3+ 48. axb3 Ra1 49. Bb2 Ra2 50. Rd2 Nd7 51. Bc1 Ra1 52. Bb2 Re1 53.
Ng3 e5 54. fxe5 Bxg5 55. Rf2+ Ke6 56. Re2 Rxe2 57. Nxe2 d3 58. Nc3 Nxe5 59. Kg3
Kf5 60. Kf2 Ng4+ 61. Kf3 Ne5+ 62. Kf2 d2 63. Ke2 Nc6 64. Nb1 Na5 65. Nxd2 Bxd2
66. Kxd2 Nxb3+ 67. Ke2 g5 68. Kf3 Nd2+ 69. Kg2 Nxc4 0-1

[Event "OBBEM Oberbayern 2014"]
[Site "Rosenheim"]
[Date "2014.05.31"]
[Round "5.6"]
[White "Deues, Erik"]
[Black "Lochte, Thomas"]
[Result "1/2-1/2"]
[WhiteElo "1964"]
[BlackElo "2107"]
[Annotator "Frese, Daniel"]
[PlyCount "70"]
[SourceDate "2014.07.22"]

1. d4 Nf6 2. Nf3 g6 3. c4 c5 4. d5 b5 5. cxb5 a6 6. b6 Qxb6 7. Nc3 d6 8. g3
Nbd7 9. Bg2 Bb7 10. O-O Bg7 11. h3 O-O 12. Nd2 Qc7 13. Nc4 Nb6 14. Qd3 Rfe8 15.
a4 Nxc4 16. Qxc4 Qb6 17. a5 Qb4 18. Ra4 Qxc4 19. Rxc4 Rab8 20. f4 e6 21. dxe6
fxe6 22. Rd1 Bxg2 23. Kxg2 Rb4 24. b3 d5 25. Rxc5 Rxb3 26. Rd3 d4 27. Nd5 Rxd3
28. Nxf6+ Bxf6 29. exd3 Rb8 30. Kf3 Rb3 31. Ke4 Rc3 32. Rc4 Kf7 33. Bd2 Rb3 34.
Bb4 Rb2 35. Kf3 Rb3 1/2-1/2

[Event "OBBEM Oberbayern 2014"]
[Site "Rosenheim"]
[Date "2014.05.31"]
[Round "5.7"]
[White "Muharemagic, Asim"]
[Black "Lechermann, Markus"]
[Result "1/2-1/2"]
[WhiteElo "1962"]
[BlackElo "2045"]
[Annotator "Frese, Daniel"]
[PlyCount "141"]
[SourceDate "2014.07.22"]

1. Nf3 c5 2. c4 Nc6 3. d4 cxd4 4. Nxd4 Nf6 5. g3 g6 6. Bg2 Bg7 7. O-O O-O 8.
Nc3 a6 9. c5 Nxd4 10. Qxd4 d6 11. Rd1 Nd7 12. Qd5 Nxc5 13. Bg5 Bd7 14. Qd2 Bc6
15. Nd5 f6 16. Be3 Re8 17. b4 Nd7 18. Nf4 Nf8 19. Bd5+ Kh8 20. Bf7 Qd7 21. Bxe8
Rxe8 22. Nd5 g5 23. f3 Ng6 24. Rac1 g4 25. f4 Qf5 26. Bf2 e6 27. Ne3 Qe4 28.
Rxc6 bxc6 29. Qxd6 f5 30. Qd7 Rg8 31. Qd3 Qxb4 32. Qxa6 Qe4 33. Rd2 e5 34. Qd3
Qxd3 35. Rxd3 exf4 36. Nxf5 fxg3 37. Rxg3 Be5 38. Rxg4 Rf8 39. Ng3 Ra8 40. a4
Nf4 41. e3 Nd3 42. Nf1 Nb2 43. Re4 Bc3 44. Re6 c5 45. Ng3 Nxa4 46. Ne4 Bg7 47.
Rc6 Bf8 48. Rc7 Ra6 49. Bh4 h6 50. Nf6 Bg7 51. Rc8+ Bf8 52. Rxf8+ Kg7 53. Nd7
Ra7 54. Bf6+ Kg6 55. Ne5+ Kf5 56. Nc6 Ra6 57. Ne7+ Ke4 58. Bg7 Kxe3 59. Bxh6+
Ke2 60. Bg7 c4 61. h4 c3 62. Bxc3 Nxc3 63. h5 Ne4 64. Ng8 Ra5 65. h6 Rh5 66.
Re8 Kf3 67. Rf8+ Kg4 68. Kg2 Kg5 69. Re8 Kg6 70. Re6+ Kf7 71. Rxe4 1/2-1/2

[Event "OBBEM Oberbayern 2014"]
[Site "Rosenheim"]
[Date "2014.05.31"]
[Round "5.8"]
[White "Walter, Stefan"]
[Black "Kretschel, Klaus"]
[Result "1-0"]
[WhiteElo "1913"]
[BlackElo "2012"]
[Annotator "Frese, Daniel"]
[PlyCount "77"]
[SourceDate "2014.07.22"]

1. e4 e5 2. Nf3 Nc6 3. Bc4 Bc5 4. c3 Nf6 5. d3 d6 6. b4 Bb6 7. a4 a5 8. b5 Ne7
9. Bg5 Ng6 10. Nbd2 h6 11. Be3 Bxe3 12. fxe3 d5 13. exd5 Nxd5 14. Qb3 Be6 15.
O-O O-O 16. Rae1 c6 17. e4 Ndf4 18. d4 Bxc4 19. Nxc4 exd4 20. cxd4 Ne6 21. Rd1
Qe7 22. b6 Rfd8 23. Qa2 Kh7 24. Qc2 Kg8 25. Kh1 Ngf8 26. d5 cxd5 27. exd5 Ng5
28. Nxg5 Qxg5 29. Rf5 Qe7 30. d6 Qe6 31. Re5 Qf6 32. Qe2 Nd7 33. Re7 Qg5 34.
Rf1 Qd5 35. h3 Rac8 36. Rfxf7 Nf6 37. Rxg7+ Kh8 38. Qe3 Qh5 39. Rh7+ 1-0

[Event "OBBEM Oberbayern 2014"]
[Site "Rosenheim"]
[Date "2014.05.31"]
[Round "5.9"]
[White "Sandner, Michael"]
[Black "Preßler, Paul"]
[Result "1-0"]
[WhiteElo "1889"]
[BlackElo "1782"]
[Annotator "Frese, Daniel"]
[PlyCount "75"]
[SourceDate "2014.07.22"]

1. e4 g6 2. d4 Bg7 3. Nc3 d6 4. f4 a6 5. Nf3 b5 6. Bd3 Nd7 7. Ne2 c5 8. c3 Bb7
9. O-O Qb6 10. Be3 Ngf6 11. e5 Ng4 12. Qd2 c4 13. e6 cxd3 14. exd7+ Kxd7 15.
Qxd3 Bd5 16. h3 Bc4 17. Qd2 Nf6 18. Ne5+ Ke8 19. Nxc4 bxc4 20. f5 Ne4 21. Qc2
d5 22. Rae1 g5 23. Bf2 Qd6 24. g3 h5 25. Kg2 Bh6 26. g4 hxg4 27. hxg4 Nf6 28.
Kf3 Bg7 29. Rh1 Ne4 30. Rxh8+ Bxh8 31. Rh1 Kd7 32. Rh7 Nf6 33. Bg3 Qc6 34. Rh3
Bg7 35. Be5 a5 36. Ng3 a4 37. a3 Ra7 38. Qe2 {Zeitüberschreitung} 1-0

[Event "OBBEM Oberbayern 2014"]
[Site "Rosenheim"]
[Date "2014.05.31"]
[Round "5.10"]
[White "Probst, Albert"]
[Black "Schewzow, Juri"]
[Result "1-0"]
[WhiteElo "1928"]
[BlackElo "1797"]
[Annotator "Frese, Daniel"]
[PlyCount "33"]
[SourceDate "2014.07.22"]

1. b4 e5 2. b5 d5 3. Bb2 f6 4. e3 Be6 5. Nf3 c5 6. c4 d4 7. Qc2 e4 8. Qxe4 Qe7
9. exd4 f5 10. Qe2 Nd7 11. d5 Bf7 12. Qxe7+ Nxe7 13. Bd3 Rg8 14. O-O O-O-O 15.
Ne5 Nxe5 16. Bxe5 Nxd5 17. Bxf5+ 1-0

[Event "OBBEM Oberbayern 2014"]
[Site "Rosenheim"]
[Date "2014.05.31"]
[Round "6.1"]
[White "Grawe, Christian"]
[Black "Schlichtmann, Robin"]
[Result "1-0"]
[WhiteElo "2246"]
[BlackElo "2140"]
[Annotator "Frese, Daniel"]
[PlyCount "119"]
[SourceDate "2014.07.22"]

1. e4 e6 2. d4 d5 3. Nc3 Bb4 4. a3 Bxc3+ 5. bxc3 dxe4 6. Qg4 Nf6 7. Qxg7 Rg8 8.
Qh6 Rg6 9. Qe3 Bd7 10. Ne2 Ba4 11. Nf4 Rg8 12. Bc4 Qe7 13. O-O Nbd7 14. Qe2
O-O-O 15. Be3 Nb6 16. Bb5 Bxb5 17. Qxb5 Nfd5 18. c4 Nxf4 19. Bxf4 Rg4 20. Be3
Rdg8 21. g3 Qh4 22. Kg2 Qf6 23. f3 exf3+ 24. Rxf3 Qg6 25. Qb3 h5 26. Qd3 f5 27.
Bf4 Qh7 28. h3 R4g6 29. h4 Nd7 30. Re1 Qf7 31. Rfe3 Rg4 32. Kh3 Nf6 33. Rxe6
Rxf4 34. gxf4 Ne4 35. R1xe4 fxe4 36. Qxe4 Rg4 37. Re7 Rxf4 38. Rxf7 Rxe4 39.
Rh7 Rxd4 40. Rxh5 Rxc4 41. Re5 Rxc2 42. h5 Rc3+ 43. Kg4 Rxa3 44. h6 Ra1 45. h7
Rg1+ 46. Kf5 Rh1 47. Re8+ Kd7 48. h8=Q Rxh8 49. Rxh8 c5 50. Ke5 Kc6 51. Rh6+
Kb5 52. Rh7 Kc6 53. Rh6+ Kb5 54. Kd5 Kb4 55. Rh4+ Kb5 56. Rh1 b6 57. Rb1+ Ka5
58. Kc4 Ka6 59. Ra1+ Kb7 60. Kb5 1-0

[Event "OBBEM Oberbayern 2014"]
[Site "Rosenheim"]
[Date "2014.05.31"]
[Round "6.2"]
[White "Taggatz, Mario"]
[Black "Zill, Christoph"]
[Result "1/2-1/2"]
[WhiteElo "2199"]
[BlackElo "2176"]
[Annotator "Frese, Daniel"]
[PlyCount "56"]
[SourceDate "2014.07.22"]

1. Nf3 f5 2. d3 d5 3. g3 Nf6 4. Bg2 e6 5. O-O Bd6 6. c4 O-O 7. Nc3 c6 8. e4 Bb4
9. e5 Ne8 10. Qb3 Be7 11. h4 Na6 12. Bg5 Nc5 13. Qc2 a5 14. cxd5 Bxg5 15. Nxg5
exd5 16. Nxd5 Ne6 17. Nxe6 Bxe6 18. Nf4 Nc7 19. Rad1 Qe7 20. Nxe6 Qxe6 21. Qc4
Rad8 22. Rfe1 Rf7 23. b3 Rfd7 24. a4 Qxc4 25. bxc4 Ne6 26. Bh3 g6 27. Re3 Rd4
28. Rb1 R8d7 1/2-1/2